El jovencito Duarte : (Registro nro. 13736)

Detalles MARC
000 -LEADER
fixed length control field 00841nam a22002657a 4500
003 - CONTROL NUMBER IDENTIFIER
control field DO-SdBNP
005 - DATE AND TIME OF LATEST TRANSACTION
control field 20231010092629.0
007 - PHYSICAL DESCRIPTION FIXED FIELD--GENERAL INFORMATION
fixed length control field v
008 - FIXED-LENGTH DATA ELEMENTS--GENERAL INFORMATION
fixed length control field 210702b 2019 dr a00| 0 eng d
020 ## - INTERNATIONAL STANDARD BOOK NUMBER
International Standard Book Number 9789945614268
040 ## - CATALOGING SOURCE
Original cataloging agency DO-SdBNP
Language of cataloging spa
Transcribing agency BPMSU
082 #4 - DEWEY DECIMAL CLASSIFICATION NUMBER
Classification number RD863.44
Item number M491j 2019
Edition number 22
100 1# - MAIN ENTRY--PERSONAL NAME
Personal name Medina, Oquendo,
Dates associated with a name 1955-
245 13 - TITLE STATEMENT
Title El jovencito Duarte :
Remainder of title cuento infantil -juvenil /
Statement of responsibility, etc. Oquendo Medina.
260 ## - PUBLICATION, DISTRIBUTION, ETC. (IMPRINT)
Place of publication, distribution, etc. Santo Domingo :
Name of publisher, distributor, etc. Santuario,
Date of publication, distribution, etc. 2019.
300 ## - PHYSICAL DESCRIPTION
Extent 63 p. :
Other physical details il. ;
Dimensions 22 cm.
500 ## - GENERAL NOTE
General note Incluye datos biográficos del autor en la solapa de la cubierta
590 ## - LOCAL NOTE (RLIN)
Local note Inventariado, 2021 /VM<br/><br/>
590 ## - LOCAL NOTE (RLIN)
Local note
650 #4 - SUBJECT ADDED ENTRY--TOPICAL TERM
Topical term or geographic name as entry element Cuentos infantiles dominicanos
650 #4 - SUBJECT ADDED ENTRY--TOPICAL TERM
Topical term or geographic name as entry element Cuentos juveniles dominicanos
650 #4 - SUBJECT ADDED ENTRY--TOPICAL TERM
Topical term or geographic name as entry element Literatura dominicana
910 ## - USER-OPTION DATA (OCLC)
User-option data VMateo V. Control de calidad. BPMSU
942 ## - ADDED ENTRY ELEMENTS (KOHA)
Source of classification or shelving scheme Dewey Decimal Classification
Koha item type Libros
Existencias
Withdrawn status Lost status Source of classification or shelving scheme Damaged status Not for loan Collection code Home library Current library Date acquired Total Checkouts Full call number Barcode Date last seen Price effective from Koha item type Source of acquisition Copy number
    Dewey Decimal Classification     Colección Juvenil Dominicana Biblioteca Pública Metropolitana Salomé Ureña Biblioteca Pública Metropolitana Salomé Ureña 09/23/2021   BPMSU CD RD863.44 M491j 2019 BPMSU21090081 09/23/2021 09/23/2021 Libros    
    Dewey Decimal Classification     Colección Juvenil Dominicana Biblioteca Pública Metropolitana Salomé Ureña Biblioteca Pública Metropolitana Salomé Ureña 09/23/2021   BPMSU CD RD863.44 M491j 2019 BPMSU21090082 09/23/2021 09/23/2021 Libros BNPHU e.2
    Dewey Decimal Classification     Colección Juvenil Dominicana Biblioteca Pública Metropolitana Salomé Ureña Biblioteca Pública Metropolitana Salomé Ureña 09/23/2021   BPMSU CJD RD863.44 M491j 2019 BPMSU23100017 10/10/2023 09/23/2021 Libros BNPHU e.3